| 000 | 00522nam a22002057a 4500 | ||
|---|---|---|---|
| 001 | BT-PhCST | ||
| 003 | OSt | ||
| 005 | 20190204170811.0 | ||
| 008 | 141015b xxu||||| |||| 00| 0 eng d | ||
| 020 | _a9780198062578 | ||
| 040 |
_aBT-PhCST _cBT-PhCST _dBT-PhCST |
||
| 050 | _a658.4022 | ||
| 082 |
_222 _a658.4022 |
||
| 100 | _aHardar, Uday Kumar | ||
| 245 | _aLeadership and team building / | ||
| 250 | _a3rd. | ||
| 260 |
_aNA _bOxford University Press, _cc2010 |
||
| 300 |
_axvi, 491 p. ; _bill. ; |
||
| 942 |
_2ddc _cMAG _01 |
||
| 999 |
_c5111 _d5111 |
||